UM Logo

Speedwriting short hand dictation and transcription student transcript / (Record no. 19944)

MARC details
000 -LEADER
fixed length control field 00501nam a22001457a 4500
008 - FIXED-LENGTH DATA ELEMENTS--GENERAL INFORMATION
fixed length control field 240402b ||||| |||| 00| 0 eng d
020 ## - INTERNATIONAL STANDARD BOOK NUMBER
International Standard Book Number 0026851407
082 ## - DEWEY DECIMAL CLASSIFICATION NUMBER
Classification number DC 653.1219
Item number P96s 1987
100 ## - MAIN ENTRY--PERSONAL NAME
Personal name Pullis, Joe M.
9 (RLIN) 55739
245 ## - TITLE STATEMENT
Title Speedwriting short hand dictation and transcription student transcript /
Statement of responsibility, etc. Joe M. Pullis.
260 ## - PUBLICATION, DISTRIBUTION, ETC. (IMPRINT)
Place of publication, distribution, etc. New York :
Name of publisher, distributor, etc. Glencoe Mcgraw-Hill,
Date of publication, distribution, etc. ©1987.
300 ## - PHYSICAL DESCRIPTION
Extent 95 pages :
Other physical details illustrations ;
Dimensions 23 cm.
650 ## - SUBJECT ADDED ENTRY--TOPICAL TERM
Topical term or geographic name as entry element Shorthand
General subdivision Speed writing.
9 (RLIN) 55762
942 ## - ADDED ENTRY ELEMENTS (KOHA)
Source of classification or shelving scheme Dewey Decimal Classification
Koha item type Circulation
Holdings
Withdrawn status Lost status Source of classification or shelving scheme Damaged status Not for loan Collection code Home library Current library Date acquired Source of acquisition Total Checkouts Full call number Barcode Date last seen Price effective from Koha item type
    Dewey Decimal Classification     Circulation UM Digos College - LIC UM Digos College - LIC 04/10/2008   DC 653.1219 P96s 1987 19404 04/02/2024 04/02/2024 Circulation